书目信息 |
| 题名: |
国外图书馆设计资料集
|
|
| 作者: | 张国良 , 毕波 编 | |
| 分册: | ||
| 出版信息: | 北京 水利电力出版社 1988.7 |
|
| 页数: | 186页 | |
| 开本: | 26厘米 | |
| 丛书名: | ||
| 单 册: | ||
| 中图分类: | TU242.3 | |
| 科图分类: | ||
| 主题词: | 图书馆建筑--设计--外国--资料 | |
| 电子资源: | ||
| ISBN: | 7-120-00538-3 | |
| 000 | 00833nam0 2200241 45 | |
| 001 | 0190011814 | |
| 005 | 20060809112516.25 | |
| 010 | @a7-120-00538-3@dCNY4.50 | |
| 100 | @a19921221d1988 ekmy0chiy0121 ea | |
| 101 | 0 | @achi |
| 102 | @aCN@b110000 | |
| 105 | @ae z 0 0yy | |
| 200 | 10 | @a国外图书馆设计资料集@AGUO WAI TU SHU GUAN SHE JI ZI LIAO JI@f张国良,毕 波编@FZHANG GUO LIANG , BI BO BIAN |
| 210 | @a北京@c水利电力出版社@d1988.7 | |
| 215 | @a186页@c图@d26厘米 | |
| 330 | @a本书选收了国外近年内建成的37个图书馆实例。并作了简要说明。 | |
| 540 | 1 | @a国外 图书馆 设计 资料集@AGUO WAI TU SHU GUAN SHE JI ZI LIAO JI |
| 606 | @a图书馆建筑@x设计@y外国@x资料 | |
| 690 | @aTU242.3@v三版 | |
| 701 | 0 | @a张国良@AZHANG GUO LIANG@4编 |
| 701 | 0 | @a毕波@ABI BO@4编 |
| 801 | 0 | @aCN@bTSSF@c20060809 |
| 905 | @a10447@dTU242.3@e283 | |
| 国外图书馆设计资料集/张国良,毕 波编.-北京:水利电力出版社,1988.7 |
| 186页:图;26厘米 |
| ISBN 7-120-00538-3:CNY4.50 |
| 本书选收了国外近年内建成的37个图书馆实例。并作了简要说明。 |
| ● |
| 相关链接 |
|
|
|
|
正题名:国外图书馆设计资料集
索取号:TU242.3/283
 
预约/预借
| 序号 | 登录号 | 条形码 | 馆藏地/架位号 | 状态 | 备注 |
| 1 | 0451934 | 204519342 | 密集书库/ [索取号:TU242.3/283] | 在馆 |